| 000 | 01249nac a22003251i 4500 | ||
|---|---|---|---|
| 003 | EG-ScBUE | ||
| 005 | 20240626100249.0 | ||
| 008 | 240626s1986 enkb f b 001 0 eng d | ||
| 020 | _a0521319617 (pbk.) | ||
| 040 |
_aEG-ScBUE _beng _erda _cEG-ScBUE _dEG-ScBUE |
||
| 043 | _af------ | ||
| 082 | 0 | 4 |
_a960.328 _bSAN _222 |
| 100 | 1 |
_aSandbrook, Richard, _eauthor. |
|
| 245 | 1 | 4 |
_aThe politics of Africa's economic stagnation / _cRichard Sandbrook, Judith Barker. |
| 250 | _aReprint edition. | ||
| 264 | 1 |
_aCambridge ; _aNew York : _bCambridge University Press, _c1986. |
|
| 300 |
_axiii, 180 pages : _bmaps ; _c20 cm |
||
| 336 |
_2rdacontent _atext _btxt |
||
| 337 |
_aunmediated _2rdamedia _bn |
||
| 338 |
_avolume _bnc _2rdacarrier |
||
| 504 | _aIncludes bibliographical references and index. | ||
| 651 | 7 |
_aAfrica _xEconomic conditions _y1960- _2BUEsh |
|
| 651 | 7 |
_aAfrica _xPolitics and government _y1960- _2BUEsh |
|
| 651 | 7 |
_aAfrica _xSocial conditions _y1960- _2BUEsh |
|
| 655 | _vReading book | ||
| 700 | 1 |
_aBarker, Judith, _eauthor. |
|
| 856 | 4 | 2 |
_3Publisher description _uhttp://www.loc.gov/catdir/description/cam022/84028588.html |
| 856 | 4 | 2 |
_3Table of contents _uhttp://www.loc.gov/catdir/toc/cam028/84028588.html |
| 942 |
_cBB _2ddc |
||
| 999 |
_c2103 _d2103 |
||